<?xml version="1.0" encoding="UTF-8"?>
<record
    xmlns:xsi="http://www.w3.org/2001/XMLSchema-instance"
    xsi:schemaLocation="http://www.loc.gov/MARC21/slim http://www.loc.gov/standards/marcxml/schema/MARC21slim.xsd"
    xmlns="http://www.loc.gov/MARC21/slim">

  <leader>01787nam a22003017a 4500</leader>
  <controlfield tag="005">20120427105713.0</controlfield>
  <controlfield tag="008">120427t        xxu||||| |||| 00| 0 eng d</controlfield>
  <datafield tag="010" ind1=" " ind2=" ">
    <subfield code="a">ENG-105118</subfield>
  </datafield>
  <datafield tag="020" ind1=" " ind2=" ">
    <subfield code="a">9788120345508</subfield>
    <subfield code="c">350.00</subfield>
  </datafield>
  <datafield tag="035" ind1=" " ind2=" ">
    <subfield code="a">EN-88651</subfield>
  </datafield>
  <datafield tag="037" ind1=" " ind2=" ">
    <subfield code="b">DBAD/PUB</subfield>
  </datafield>
  <datafield tag="040" ind1=" " ind2=" ">
    <subfield code="a">DPL</subfield>
    <subfield code="b">Eng</subfield>
  </datafield>
  <datafield tag="082" ind1=" " ind2=" ">
    <subfield code="a">005.57 </subfield>
  </datafield>
  <datafield tag="100" ind1=" " ind2=" ">
    <subfield code="a">Seiwert, Lothar</subfield>
    <subfield code="9">45702</subfield>
  </datafield>
  <datafield tag="245" ind1=" " ind2=" ">
    <subfield code="a">Effective time management :</subfield>
    <subfield code="c">by  Lothar Seiwert [and]  Holger Woeltje</subfield>
    <subfield code="b">using Microsoft Outlook to organize your work and personal life /</subfield>
  </datafield>
  <datafield tag="260" ind1=" " ind2=" ">
    <subfield code="a">New Delhi</subfield>
    <subfield code="b">PHI Learning</subfield>
    <subfield code="c">2012</subfield>
  </datafield>
  <datafield tag="270" ind1=" " ind2=" ">
    <subfield code="a">M-97, Connaught Circus</subfield>
    <subfield code="b">New Delhi</subfield>
    <subfield code="e">110001</subfield>
  </datafield>
  <datafield tag="300" ind1=" " ind2=" ">
    <subfield code="a">xviii, 248p. :  </subfield>
    <subfield code="c">24cm(pbk)</subfield>
    <subfield code="b">ill.</subfield>
  </datafield>
  <datafield tag="500" ind1=" " ind2=" ">
    <subfield code="a">Includes bibliographical references (p.[229]-230) and index.</subfield>
  </datafield>
  <datafield tag="505" ind1=" " ind2=" ">
    <subfield code="a">How not to drown in the email flood -- Hows to work more effectively with tasks and priorities -- How to gain more time for what&#x2019;s essential with an effective week planner -- How to make your daily planning work in real life -- How to schedule meetings so they are convenient, effective, and fun -- How to use OneNote for writing goals, jotting down ideas, and keeping notes -- How to truly benefit from this book.</subfield>
  </datafield>
  <datafield tag="520" ind1=" " ind2=" ">
    <subfield code="a">Learn the Microsoft Outlook system, and let it help you set and manage your priorities, sharpen your focus, and combat distractions. Now you can manage your time with complete confidence.</subfield>
  </datafield>
  <datafield tag="630" ind1=" " ind2=" ">
    <subfield code="a">Microsoft Outlook.</subfield>
    <subfield code="9">45873</subfield>
  </datafield>
  <datafield tag="650" ind1=" " ind2=" ">
    <subfield code="a">Time management </subfield>
    <subfield code="x">Computer programs</subfield>
    <subfield code="9">45874</subfield>
  </datafield>
  <datafield tag="650" ind1=" " ind2=" ">
    <subfield code="a">Personal information management </subfield>
    <subfield code="x">Computer programs.</subfield>
    <subfield code="9">45875</subfield>
  </datafield>
  <datafield tag="700" ind1=" " ind2=" ">
    <subfield code="a">Woeltje, Holger</subfield>
    <subfield code="9">45876</subfield>
  </datafield>
  <datafield tag="942" ind1=" " ind2=" ">
    <subfield code="2">ddc</subfield>
    <subfield code="c">EN</subfield>
    <subfield code="m">SEI</subfield>
    <subfield code="h">005.57 </subfield>
  </datafield>
  <datafield tag="999" ind1=" " ind2=" ">
    <subfield code="c">65708</subfield>
    <subfield code="d">65708</subfield>
  </datafield>
  <datafield tag="952" ind1=" " ind2=" ">
    <subfield code="0">0</subfield>
    <subfield code="1">0</subfield>
    <subfield code="2">ddc</subfield>
    <subfield code="4">0</subfield>
    <subfield code="7">1</subfield>
    <subfield code="8">NFIC</subfield>
    <subfield code="a">DBAD</subfield>
    <subfield code="b">DBAD</subfield>
    <subfield code="d">2012-04-27</subfield>
    <subfield code="e">DBAD/PUB</subfield>
    <subfield code="g">350.00</subfield>
    <subfield code="l">0</subfield>
    <subfield code="o">005.57  SEI</subfield>
    <subfield code="p">EN-88651</subfield>
    <subfield code="r">2012-04-27 00:00:00</subfield>
    <subfield code="t">1</subfield>
    <subfield code="v">350.00</subfield>
    <subfield code="w">2012-04-27</subfield>
    <subfield code="y">EN</subfield>
  </datafield>
</record>
